000 00524nam a22001697a 4500
005 20220114182340.0
008 220114b |||||||| |||| 00| 0 sp d
040 _aCUSACQ
_cCUSACQ
041 _aspa
082 _aS.G. 323 D431
110 _aProcuradoria de los Derechos Humanos
_9340
245 _aDerechos humanos:
_bNociones fundamentales y métodos para su vigilancia. /
260 _aGuatemala:
_bMINUGUA,
_cc2004.
300 _a187 p.;
_bil.;
_c25 cm.
650 _aGarantias - Constitucionales
_9252
942 _2ddc
_cBK
_n0
999 _c154
_d154